000 00419nam a2200157Ia 4500
008 160316s9999 xxu||||| |||| 00| 0 eng d
082 _a346.017000
_bMIN
100 _a
245 _aChildren Bill
250 _a
260 _aSouth Africa
_bMinister of Justice and Constitutional Development
_c0
300 _a110
_b
_c
365 _b
650 _a1. minimum age 2. child justice court 3. sentencing
700 _a
_a
999 _c33348
_d33348